|
|
|
|
| LEADER |
00000nam a2200000 a 4500 |
| 001 |
vtls001446915 |
| 003 |
SK-MaSNL |
| 005 |
20260302002157.0 |
| 008 |
021219sm y0 CH a r 0 ger |
| 020 |
|
|
|a 3908541093
|c [150,00]
|
| 035 |
|
|
|a SNK000402170
|
| 040 |
|
|
|a SNK
|b slo
|c SNK
|e AACR2
|
| 044 |
|
|
|a CH
|
| 072 |
|
7 |
|a 821.112.2
|x Nemecká literatúra, nemecky písaná
|2 konspekt
|
| 080 |
|
|
|a 821.112.2-1
|2 1981
|
| 080 |
|
|
|a 821.112.2-3
|2 1981
|
| 080 |
|
|
|a (082.21)
|2 1981
|
| 245 |
1 |
|
|a Sunnenschyn
|b Gedichte einer Hausfrau, oder, Machen nur Herren höherer Klassen "Kultur"?
|c Lorenzo Gerster
|
| 260 |
|
|
|a Zürich
|b Tontafelverlag
|c [1997?]
|
| 300 |
|
|
|a 71 s.
|b ilustr.
|c 22 cm
|
| 650 |
0 |
7 |
|a nemecká próza
|2 SNK
|9 1196
|
| 650 |
0 |
7 |
|a nemecká poézia
|2 SNK
|9 1197
|
| 655 |
|
7 |
|a umelecká literatúra
|2 SNK
|9 60405
|
| 655 |
|
7 |
|a antológie
|2 SNK
|9 70414
|
| 700 |
1 |
|
|a Gerster, Lorenzo
|4 zos
|4 34010
|9 393387
|
| 919 |
|
|
|a 3-908541-09-3
|
| 999 |
|
|
|c 986919
|d 988849
|
| 952 |
|
|
|t P60, <04>, [BOOK], {604}
|a SNK
|b SNK
|y VYP
|7 0
|p 17A0372521
|o snkIC 130541
|i snkV 268/2003
|0 0
|1 0
|4 0
|d 2003-02-06
|l 0
|r 2005-01-02 00:00:00
|w 2026-02-24
|